000 00464pab a2200169 454500
008 180718b2000 xxu||||| |||| 00| 0 eng d
100 _aFenwick, Helen
245 _aPublic protest, the Human Rights Act and judicial responses to political expression
260 _c2000
300 _ap.627-50
362 _aWinter
650 _aHuman rights - Great Britain
650 _aHuman rights
700 _aPhillipson, Gavin
773 _aPublic Law
909 _a47503
999 _c47503
_d47503